000 00860nam a22001577a 4500
999 _c521959
_d521959
008 230306b ||||| |||| 00| 0 eng d
100 _aMishra, Avinash and Dutta, Madhubanti
_938213
245 _aYouth for Environment sustainability
260 _aYojana
300 _a67(2), Feb, 2023: p.30-33
520 _aWe need to pave the way for the development of prosperous, livable cities with smaller carbon footprints. Young people have unique needs and obligations when it comes to the environment. They have hey power to make the most effective changes to the world. Engorging young people in environmental privation has on impact on their views and behaviors directly, as well as on their families and other acquaintances. – Reproduced
650 _aEnvironment sustainability
_938214
773 _aYojana
906 _aENVIRONMENT
942 _cAR